Activismo LGBTIQ y ciudadanías sexuales en el Ecuador: un diálogo con Elizabeth Vásquez /
Entrevista realizada a la abogada y activista ecuatoriana Elizabeth Vázquez, fundadora de proyecto llamado TRVNSGEN3RO. La misma comenta sobre su trayectoria en luchas sociales pro derechos sexuales. Así como sus inicios en el activismo político, el cual, para ella, debe contribuir a crear las evolu...
Kaydedildi:
| Yazar: | |
|---|---|
| Diğer Yazarlar: | |
| Materyal Türü: | Metin |
| Konular: | |
| Etiketler: |
Etiketle
Etiket eklenmemiş, İlk siz ekleyin!
|
MARC
| LEADER | 00000 a a2200000 04500 | ||
|---|---|---|---|
| 001 | 42338 | ||
| 003 | |||
| 040 | |||
| 100 | |a Lind, Amy | ||
| 245 | |a Activismo LGBTIQ y ciudadanías sexuales en el Ecuador: |b un diálogo con Elizabeth Vásquez / |c Amy Lind ; Sofía Argüello Pazmiño | ||
| 500 | |a Entrevista | ||
| 520 | |a Entrevista realizada a la abogada y activista ecuatoriana Elizabeth Vázquez, fundadora de proyecto llamado TRVNSGEN3RO. La misma comenta sobre su trayectoria en luchas sociales pro derechos sexuales. Así como sus inicios en el activismo político, el cual, para ella, debe contribuir a crear las evoluciones sociales necesarias. Comenta además sus visiones del movimiento lésbico, gay, bisexual, transgénero e intersexual. Finalmente, hace referencia a sus aspiraciones políticas y la percepción que posee de la nueva Constitución. | ||
| 590 | |a KSR/MAYO2012 | ||
| 650 | |a 1.ENTREVISTAS | ||
| 650 | |a 2.ELIZABETH VASQUEZ | ||
| 650 | |a 3.DERECHOS SEXUALES | ||
| 650 | |a 4.TRANSEXUALISMO | ||
| 650 | |a 5.MOVIMIENTOS SOCIALES | ||
| 650 | |a 6.PARTICIPACION POLITICA | ||
| 650 | |a 7.ECUADOR | ||
| 700 | |a Argüello Pazmiño, Sofía | ||
| 773 | |g número35 ( , 2009), páginas 97-101: fotos | ||
| 999 | |c 37812 |d 37812 | ||
